000
00250nam a22000977a 4500
082
_a
625.85
_b
FUN
_c
L-21, P-43
100
_a
Fung H G
_9
43881
245
_a
All About Asphalt for Pavements
526
_a
0
_b
0
_c
0
_d
625_850000000000000_FUN
942
_2
ddc
_c
BK
999
_c
547743
_d
547743